| 000 | 00678nas a2200193 4500 | ||
|---|---|---|---|
| 999 |
_c5238 _d5238 |
||
| 001 | 6199 | ||
| 005 | 20210208122757.0 | ||
| 008 | 210208b ||||| |||| 00| 0 eng d | ||
| 090 | 0 | 0 | _a378.05 D699s 2016. |
| 100 | _aDorji, Tenzin. | ||
| 245 | 0 | 0 |
_aཤེས་མཛོད། རིག་གཞུང་ཞིབ་འཚོལ་དུས་དེབ། འཐོན་རིམ། བཞི་པ། _blanguage and literature / _cTenzin Dorji. |
| 260 | 0 | 0 | _bRoyal University of Bhutan. |
| 300 | 0 | 0 | _aviii. ; 138 p. 25 cm. |
| 500 | _aIn Dzongkha. | ||
| 650 | 0 | 0 | _aLanguage --Bhutan |
| 650 | 0 | 0 | _aLiterature --Bhutan. |
| 942 |
_2ddc _cDZONGKHA |
||